[Event "Ruhrgebiet Verbandsklasse Gruppe 1 1617"]
[Site "Germany"]
[Date "2016.11.27"]
[Round "4.5"]
[White "Cavasin, Joerg"]
[Black "Klein, Hans Joachim"]
[Result "1/2-1/2"]
[WhiteElo "1845"]
[BlackElo "1694"]
[PlyCount "46"]
[EventDate "2016.09.04"]
[EventType "team-tourn"]
[EventRounds "9"]
[EventCountry "GER"]
[SourceTitle "EXT 2022"]
[Source "ChessBase"]
[SourceDate "2021.10.06"]
[SourceVersion "1"]
[SourceVersionDate "2021.10.06"]
[SourceQuality "1"]
[WhiteTeam "Altenessen"]
[BlackTeam "Huckarde Westerfilde"]
[WhiteTeamCountry "GER"]
[BlackTeamCountry "GER"]

1. c4 e5 2. g3 Bc5 3. Bg2 Nf6 4. Nf3 d6 5. 0-0 0-0 6. Nc3 a6 7. e3 Nc6 8. a3 Bd7 9. b4 Ba7 10. Bb2 Qc8 11. Re1 Bg4 12. Qc2 h6 13. Rac1 Ne7 14. d4 exd4 15. exd4 Ng6 16. Qd2 Qf5 17. Re3 Rfe8 18. Rce1 c6 19. Rxe8+ Rxe8 20. Rxe8+ Nxe8 21. Qe3 Nf6 22. Ne1 Bh3 23. Ne4 Bxg2 1/2-1/2

[Event "Marianske Lazne op"]
[Site "Marianske Lazne"]
[Date "2008.01.19"]
[Round "1"]
[White "Klein, Hans Joachim"]
[Black "Bjerke, Silje"]
[Result "1/2-1/2"]
[WhiteElo "1908"]
[BlackElo "2166"]
[PlyCount "86"]
[EventDate "2008.01.19"]
[EventType "swiss"]
[EventRounds "9"]
[EventCountry "CZE"]
[SourceTitle "CBM 122 Extra"]
[Source "ChessBase"]
[SourceDate "2008.03.04"]
[SourceVersion "1"]
[SourceVersionDate "2008.03.04"]
[SourceQuality "1"]

1. d4 Nf6 2. a3 g6 3. Nc3 d5 4. Bf4 c6 5. h3 Bg7 6. e3 0-0 7. Nf3 Nbd7 8. Be2 a6 9. 0-0 c5 10. Ne5 cxd4 11. exd4 e6 12. Bf3 Nxe5 13. Bxe5 Bd7 14. Ne2 Rc8 15. c3 Bb5 16. Re1 Nd7 17. Bxg7 Kxg7 18. Qd2 Nb6 19. b3 Qf6 20. Ng3 a5 21. Re5 Kh8 22. c4 Bc6 23. c5 Nd7 24. Ree1 Ra8 25. Rac1 Rfd8 26. a4 e5 27. Ne2 e4 28. Bg4 Nf8 29. Nc3 Qg7 30. Be2 Ne6 31. Rcd1 f5 32. h4 Qf6 33. g3 f4 34. Bf1 Rf8 35. Bh3 g5 36. Bxe6 Qxe6 37. Nxe4 dxe4 38. d5 Qh3 39. dxc6 fxg3 40. Qc3+ Kg8 41. Qxg3 Qxg3+ 42. fxg3 bxc6 43. Rxe4 Rf3 1/2-1/2

[Event "Dortmund op-A"]
[Site "Dortmund"]
[Date "2007.06.29"]
[Round "7"]
[White "Klein, Hans Joachim"]
[Black "Kusnetsov, Mark"]
[Result "0-1"]
[WhiteElo "1946"]
[BlackElo "2002"]
[PlyCount "102"]
[EventDate "2007.06.22"]
[EventType "swiss"]
[EventRounds "9"]
[EventCountry "GER"]
[SourceTitle "EXT 2008"]
[Source "ChessBase"]
[SourceDate "2007.11.25"]
[SourceVersion "1"]
[SourceVersionDate "2007.11.25"]
[SourceQuality "1"]

1. d4 Nf6 2. Bf4 e6 3. e3 Bb4+ 4. c3 Be7 5. a3 a5 6. h3 b6 7. Nf3 0-0 8. Bd3 Ba6 9. 0-0 d5 10. Bxa6 Nxa6 11. Nbd2 c5 12. c4 Rc8 13. Rc1 Re8 14. Qb3 cxd4 15. exd4 Bd6 16. Bg5 dxc4 17. Nxc4 Bc7 18. Nce5 Qd5 19. Qc4 b5 20. Qc6 Nb8 21. Qc5 Qxc5 22. dxc5 Nd5 23. Bd2 f6 24. Ng4 Nc6 25. Rfe1 a4 26. Ne3 Nf4 27. Rc2 Nd3 28. Rb1 Red8 29. Nd1 Nce5 30. Nxe5 Bxe5 31. Ba5 Rd7 32. Bb6 Rb7 33. Nc3 Nxc5 34. Nxa4 bxa4 35. Bxc5 Bd4 36. Rbc1 Rbc7 37. Bxd4 Rxc2 38. Rxc2 Rxc2 39. Kf1 e5 40. Bc3 Kf7 41. Ke1 Ke6 42. g3 Kd5 43. f3 Kc4 44. Bb4 g6 45. Be7 Rxb2 46. Bxf6 Rb3 47. Ke2 Rxa3 48. Bxe5 Rb3 49. h4 a3 50. g4 a2 51. f4 Kd5 0-1

[Event "Dortmund4"]
[Site "Dortmund"]
[Date "2006.05.31"]
[Round "10"]
[White "Klein, Hans Joachim"]
[Black "Hartung, Thomas"]
[Result "0-1"]
[WhiteElo "1781"]
[BlackElo "1866"]
[PlyCount "68"]
[EventDate "2006.04.26"]
[EventType "tourn"]
[EventRounds "11"]
[EventCountry "GER"]
[SourceTitle "EXT 2007"]
[Source "ChessBase"]
[SourceDate "2006.11.23"]
[SourceVersion "1"]
[SourceVersionDate "2006.11.23"]
[SourceQuality "1"]

1. e4 e5 2. Bc4 Nf6 3. d3 c6 4. Nf3 d5 5. exd5 cxd5 6. Bb3 Bb4+ 7. c3 Bd6 8. 0-0 0-0 9. Bg5 Be6 10. Re1 Nbd7 11. h3 Qc7 12. Nbd2 Rac8 13. Nf1 b5 14. Rc1 Qb8 15. a3 a5 16. Ne3 b4 17. axb4 axb4 18. Nh2 Nc5 19. Bc2 b3 20. Bb1 d4 21. Neg4 Nd5 22. c4 f6 23. Bh4 Nf4 24. Nf3 Bf5 25. Qd2 h5 26. Ngh2 Nfxd3 27. Red1 e4 28. Nxd4 Bxh2+ 29. Kf1 Bf4 30. Qe2 Nxc1 31. Qxh5 g6 32. Bxe4 gxh5 33. Bxf5 Qe5 34. Bxc8 Rxc8 0-1

[Event "Dortmund4"]
[Site "Dortmund"]
[Date "2006.05.20"]
[Round "7"]
[White "Lang, Daniel"]
[Black "Klein, Hans Joachim"]
[Result "1-0"]
[WhiteElo "1921"]
[BlackElo "1781"]
[PlyCount "53"]
[EventDate "2006.04.26"]
[EventType "tourn"]
[EventRounds "11"]
[EventCountry "GER"]
[SourceTitle "EXT 2007"]
[Source "ChessBase"]
[SourceDate "2006.11.23"]
[SourceVersion "1"]
[SourceVersionDate "2006.11.23"]
[SourceQuality "1"]

1. d4 d5 2. c4 Bf5 3. Qb3 Nc6 4. cxd5 Na5 5. Qa4+ c6 6. Bd2 b6 7. Bxa5 bxa5 8. e4 e5 9. exf5 Bb4+ 10. Nd2 Qxd5 11. 0-0-0 exd4 12. a3 Bd6 13. Bd3 Rb8 14. Ngf3 Ne7 15. Qxd4 Qa2 16. Bb1 Qa1 17. Nc4 0-0 18. Qxd6 Nxf5 19. Qf4 Ne7 20. Nd4 Nd5 21. Qh4 g6 22. Nc2 Qxb2+ 23. Nxb2 Nc3 24. Rd3 Ne2+ 25. Kd2 Rfe8 26. Re3 g5 27. Qxg5+ 1-0

[Event "Dortmund4"]
[Site "Dortmund"]
[Date "2006.04.28"]
[Round "2"]
[White "Grube, Joerg"]
[Black "Klein, Hans Joachim"]
[Result "1-0"]
[WhiteElo "1776"]
[BlackElo "1781"]
[PlyCount "67"]
[EventDate "2006.04.26"]
[EventType "tourn"]
[EventRounds "11"]
[EventCountry "GER"]
[SourceTitle "EXT 2007"]
[Source "ChessBase"]
[SourceDate "2006.11.23"]
[SourceVersion "1"]
[SourceVersionDate "2006.11.23"]
[SourceQuality "1"]

1. Nf3 d5 2. d4 Bf5 3. c4 e6 4. Qb3 Nc6 5. Qxb7 Na5 6. Qb5+ c6 7. Qa4 Qc7 8. c5 Nf6 9. Ne5 Rc8 10. b3 Bxc5 11. Ba3 Be7 12. e3 Ne4 13. Ba6 Rb8 14. 0-0 f6 15. Bxe7 Kxe7 16. Qxa5 Qb6 17. Qa3+ c5 18. Nd3 Kf7 19. Nxc5 e5 20. g4 Bxg4 21. f3 Nxc5 22. dxc5 Qe6 23. fxg4 Qxg4+ 24. Kf2 e4 25. Nd2 Qh4+ 26. Ke2 Qxh2+ 27. Kd1 Qh5+ 28. Kc2 Rhd8 29. Rac1 Qg5 30. Rce1 f5 31. c6 Rb6 32. Kb1 Qf6 33. c7 Rxa6 34. cxd8Q 1-0

[Event "Dortmund4"]
[Site "Dortmund"]
[Date "2006.04.12"]
[Round "5"]
[White "Klein, Hans Joachim"]
[Black "Melmer, Felix"]
[Result "0-1"]
[WhiteElo "1781"]
[BlackElo "1840"]
[PlyCount "74"]
[EventDate "2006.04.26"]
[EventType "tourn"]
[EventRounds "11"]
[EventCountry "GER"]
[SourceTitle "EXT 2007"]
[Source "ChessBase"]
[SourceDate "2006.11.23"]
[SourceVersion "1"]
[SourceVersionDate "2006.11.23"]
[SourceQuality "1"]

1. e4 Nf6 2. e5 Nd5 3. c4 Nb6 4. d4 d6 5. Nf3 Bg4 6. Bf4 Nc6 7. exd6 exd6 8. d5 Ne5 9. Bxe5 dxe5 10. Qd3 Qf6 11. Be2 Bb4+ 12. Nfd2 Bf5 13. Qb3 Bxd2+ 14. Nxd2 0-0-0 15. 0-0 Qg6 16. a4 Nd7 17. Qe3 Kb8 18. b4 Rhe8 19. a5 e4 20. b5 Ne5 21. b6 cxb6 22. axb6 a6 23. Nb3 Bg4 24. Nd4 Bxe2 25. Qxe2 Nd3 26. Rfb1 Nf4 27. Qf1 Rd6 28. g3 Nd3 29. Qh3 Re5 30. Rxa6 f5 31. Ra7 Rxb6 32. Rxb6 Qxb6 33. Qh4 Kxa7 34. Nb5+ Ka6 35. g4 e3 36. d6 exf2+ 37. Kg2 Qc6+ 0-1

[Event "Dortmund op"]
[Site "Dortmund"]
[Date "2006.03.23"]
[Round "9.11"]
[White "Klein, Hans Joachim"]
[Black "Raskin, Vitaly"]
[Result "0-1"]
[WhiteElo "1781"]
[BlackElo "1663"]
[PlyCount "96"]
[EventDate "2006.03.06"]
[EventType "swiss"]
[EventRounds "9"]
[EventCountry "GER"]
[SourceTitle "CBM 111 Extra"]
[Source "ChessBase"]
[SourceDate "2006.05.09"]
[SourceVersion "1"]
[SourceVersionDate "2006.05.09"]
[SourceQuality "1"]

1. d4 d5 2. Bf4 e6 3. e3 Nf6 4. c4 dxc4 5. Bxc4 Bd6 6. Bg5 0-0 7. Nf3 h6 8. Bh4 Be7 9. Nc3 Nbd7 10. 0-0 a6 11. a3 b5 12. Bb3 Bb7 13. Bc2 c5 14. Qd3 c4 15. Qe2 Re8 16. Rad1 Nd5 17. Bg3 Nxc3 18. bxc3 Bxa3 19. Ne5 Nf6 20. Rb1 Qe7 21. f4 Ne4 22. Be1 Bd6 23. Qg4 f5 24. Qh3 Bxe5 25. dxe5 Qa3 26. g4 Nxc3 27. Bxc3 Qxc3 28. Rfc1 fxg4 29. Qg3 Qd2 30. Bg6 Re7 31. Rd1 Qe2 32. Rf1 Rd8 33. Rbe1 Qb2 34. Qxg4 Rd2 35. e4 Qd4+ 36. Kh1 c3 37. f5 Qxe5 38. Qh4 Qf6 39. Qg3 Rd8 40. fxe6 Qxe6 41. Bf5 Qc4 42. Qg6 Bxe4+ 43. Bxe4 Rxe4 44. Qxe4 Qxe4+ 45. Rxe4 c2 46. Rc1 Rd1+ 47. Re1 Rxe1+ 48. Rxe1 b4 0-1

[Event "Dortmund op"]
[Site "Dortmund"]
[Date "2006.03.20"]
[Round "7.20"]
[White "Klein, Hans Joachim"]
[Black "Schaefer, Ulrich"]
[Result "1-0"]
[WhiteElo "1781"]
[BlackElo "1412"]
[PlyCount "79"]
[EventDate "2006.03.06"]
[EventType "swiss"]
[EventRounds "9"]
[EventCountry "GER"]
[SourceTitle "CBM 111 Extra"]
[Source "ChessBase"]
[SourceDate "2006.05.09"]
[SourceVersion "1"]
[SourceVersionDate "2006.05.09"]
[SourceQuality "1"]

1. d4 Nf6 2. a3 e6 3. c4 c5 4. d5 exd5 5. cxd5 d6 6. Nc3 Be7 7. h3 0-0 8. Nf3 Bf5 9. Bf4 Qa5 10. Qd2 Nbd7 11. e4 Bg6 12. Bd3 a6 13. 0-0 b5 14. Qe3 c4 15. Bc2 Nc5 16. Nd4 Qc7 17. Rfe1 Rfe8 18. Nc6 Nfd7 19. Nxe7+ Rxe7 20. Qg3 Nb7 21. Rad1 Rae8 22. f3 Ne5 23. Be3 Nc5 24. Bd4 Ncd3 25. Bxd3 Nxd3 26. Re2 Qd7 27. h4 Ne5 28. f4 Qg4 29. Kh2 Qxg3+ 30. Kxg3 Nd3 31. Kf3 a5 32. f5 b4 33. axb4 axb4 34. Nb5 Bxf5 35. Nxd6 Bxe4+ 36. Rxe4 Rxe4 37. Nxe4 Ra8 38. Nd6 f6 39. Nxc4 Ne5+ 40. Nxe5 1-0

[Event "Dortmund-ch"]
[Site "Dortmund"]
[Date "2005.03.08"]
[Round "5"]
[White "Klein, Hans Joachim"]
[Black "Merle, Peter"]
[Result "1-0"]
[WhiteElo "1709"]
[BlackElo "1486"]
[PlyCount "85"]
[EventDate "2005.02.28"]
[EventType "swiss"]
[EventRounds "9"]
[EventCountry "GER"]
[SourceTitle "CBM 105 Extra"]
[Source "ChessBase"]
[SourceDate "2005.05.01"]
[SourceVersion "1"]
[SourceVersionDate "2005.05.01"]
[SourceQuality "1"]

1. d4 d5 2. Bf4 Nf6 3. e3 e6 4. a3 Bd6 5. Bg3 Nc6 6. Nf3 Bxg3 7. hxg3 Bd7 8. c4 Qe7 9. Nc3 0-0-0 10. b4 Nb8 11. c5 Ne4 12. Qc2 f5 13. b5 c6 14. a4 g5 15. Ne5 Rdf8 16. a5 Nxc3 17. bxc6 Nxc6 18. Nxc6 Bxc6 19. Qxc3 Rf7 20. a6 Qc7 21. axb7+ Kd7 22. Rxa7 Rb8 23. Ba6 f4 24. gxf4 gxf4 25. Rh3 fxe3 26. Rxe3 Qf4 27. Qb2 Qc7 28. Bb5 Re7 29. Rea3 e5 30. dxe5 Qxe5+ 31. Qxe5 Rxe5+ 32. Be2 Bb5 33. Re3 Rxe3 34. fxe3 Bxe2 35. Kxe2 Kc6 36. Kd3 Kxc5 37. Ra5+ Kb4 38. Ra1 Kc5 39. Rb1 Kd6 40. Kd4 Kc6 41. g4 h6 42. Rb2 Kc7 43. Kc5 1-0

[Event "Dortmund-ch"]
[Site "Dortmund"]
[Date "2005.03.01"]
[Round "2"]
[White "Klein, Hans Joachim"]
[Black "Ziperstein, Jakob"]
[Result "0-1"]
[WhiteElo "1709"]
[BlackElo "1902"]
[PlyCount "63"]
[EventDate "2005.02.28"]
[EventType "swiss"]
[EventRounds "9"]
[EventCountry "GER"]
[SourceTitle "CBM 105 Extra"]
[Source "ChessBase"]
[SourceDate "2005.05.01"]
[SourceVersion "1"]
[SourceVersionDate "2005.05.01"]
[SourceQuality "1"]

1. d4 Nf6 2. Bf4 g6 3. e3 Bg7 4. Nc3 0-0 5. Be2 d6 6. g4 c5 7. g5 Nfd7 8. Nf3 cxd4 9. exd4 e5 10. Be3 a6 11. h4 exd4 12. Bxd4 Ne5 13. Qd2 Nbc6 14. Nxe5 Nxd4 15. Nd3 Nxe2 16. Nxe2 Be6 17. a3 Rc8 18. c3 Bb3 19. 0-0 Qd7 20. Kh2 Qg4 21. f3 Qxh4+ 22. Kg2 Bd5 23. Ng3 Bc6 24. Rh1 Qg4 25. Qf4 Qxf4 26. Nxf4 Be5 27. Nge2 Rce8 28. Rh4 f6 29. gxf6 Rxf6 30. Rah1 Rf7 31. R1h3 Bf6 32. Rh6 0-1

[Event "Dortmund-ch"]
[Site "Dortmund"]
[Date "2004.03.19"]
[Round "9"]
[White "Klein, Hans Joachim"]
[Black "Barskij, Alexander"]
[Result "1-0"]
[WhiteElo "1637"]
[BlackElo "1828"]
[PlyCount "91"]
[EventDate "2004.03.01"]
[EventType "swiss"]
[EventRounds "9"]
[EventCountry "GER"]
[SourceTitle "EXT 2006"]
[Source "ChessBase"]
[SourceDate "2005.11.24"]
[SourceVersion "1"]
[SourceVersionDate "2005.11.24"]
[SourceQuality "1"]

1. e4 c5 2. Nf3 d6 3. Bc4 Nc6 4. a3 g6 5. d3 Bg7 6. Nc3 Nd4 7. Be3 e6 8. 0-0 a6 9. Bxd4 cxd4 10. Ne2 b5 11. Ba2 Qb6 12. Ng3 Ne7 13. Qe2 Nc6 14. h3 0-0 15. h4 Bd7 16. h5 b4 17. Ng5 h6 18. Nh3 Kh7 19. Qg4 Ne5 20. Qe2 g5 21. f4 gxf4 22. Rxf4 bxa3 23. bxa3 Qb2 24. Rff1 Ba4 25. Qf2 Ng4 26. Qf4 Ne3 27. Ng5+ hxg5 28. Qxg5 Bh6 29. Rxf7+ Rxf7 30. Qg6+ Kh8 31. Qxh6+ Kg8 32. Qg6+ Kf8 33. Bxe6 Qxa1+ 34. Kh2 Be8 35. h6 Nf1+ 36. Kh3 Nxg3 37. Bxf7 Qh1+ 38. Kxg3 Bxf7 39. Qxd6+ Kg8 40. Qf6 Qe1+ 41. Kh2 Kf8 42. h7 Qh4+ 43. Qxh4 Kg7 44. e5 Rf8 45. Qf6+ Kxh7 46. e6 1-0